000 004000000a22001690004500
999 _c48135
_d48135
001 956
003 CO-MdFUSB
005 20171031172143.0
008 171031b xxu||||| |||| 00| 0 eng d
040 _cCO-MdBIC
082 0 4 _a863N Al19m
100 1 _aAlcott, Louisa May
245 1 0 _aMujercitas / Louise May Alcott
260 _aBogotá : Ediciones Universales
300 _a286 P.
942 _cLGB